【サドンデス】2分の1を当て続けよう - Statistics

General Stats
  • This quiz has been taken 5,872 times
  • The average score is 2 of 25
Answers on the Grid
Answers color-coded by a green-red scale on the quiz's grid according to % correct below.
.
.
.
.
.
.
.
.
.
.
.
.
.
.
.
.
.
.
.
.
.
.
.
.
.
.
.
.
.
.
.
.
.
.
.
.
.
.
.
.
.
.
.
.
.
.
.
.
.
.
 
Answer Stats
Answer % Correct
.
9%
.
9%
.
9%
.
9%
.
9%
.
9%
.
8%
.
8%
.
8%
.
8%
.
8%
.
8%
.
8%
.
8%
.
8%
.
8%
.
8%
.
7%
.
7%
.
7%
.
7%
.
6%
.
6%
.
6%
.
5%
No matching quizzes found
Score Distribution
Percent of People with Each Score
Percentile by Number Answered
Your Score History
You have not taken this quiz